Introduction to Data Science: Practical Approach with R and Python (Record no. 11360)

MARC details
000 -LEADER
fixed length control field 00413nam a22001577a 4500
003 - CONTROL NUMBER IDENTIFIER
control field OSt
008 - FIXED-LENGTH DATA ELEMENTS--GENERAL INFORMATION
fixed length control field 220614b ||||| |||| 00| 0 eng d
020 ## - INTERNATIONAL STANDARD BOOK NUMBER
International Standard Book Number 978-9354640506
082 ## - DEWEY DECIMAL CLASSIFICATION NUMBER
Classification number 006.212
Item number MAI
100 ## - MAIN ENTRY--PERSONAL NAME
Personal name MAHESWARI, B. Uma
245 ## - TITLE STATEMENT
Title Introduction to Data Science: Practical Approach with R and Python
260 ## - PUBLICATION, DISTRIBUTION, ETC. (IMPRINT)
Place of publication, distribution, etc New Delhi
Name of publisher, distributor, etc Wiley
Date of publication, distribution, etc 2021
300 ## - PHYSICAL DESCRIPTION
Extent 557
700 ## - ADDED ENTRY--PERSONAL NAME
Personal name Sujatha,R.
942 ## - ADDED ENTRY ELEMENTS (KOHA)
Source of classification or shelving scheme Dewey Decimal Classification
Koha item type Text Books
Holdings
Withdrawn status Lost status Source of classification or shelving scheme Damaged status Not for loan Collection code Home library Current library Date acquired Source of acquisition Currency Cost, normal purchase price Bill Number Total Checkouts Full call number Acc. no. / Barcode Date last seen Actual Cost, discounted price Bill Date Koha item type
    Dewey Decimal Classification     B.Tech(CSE) PIET C-LIBRARY PIET C-LIBRARY 03/06/2022 Kumar Stationery & Book Seller Indian Rup 699.00 35269   006.212 MAI 33700 14/06/2022 482.31 03/06/2022 Text Books

Design & Developed by: PIET Central Library
R70 Miles Stone Pattikalyana Samalkha Panipat 132102
mail ID :- [email protected], Phone No:- 0180-2569700 Ex.216